Ατομα με ειδικές ανάγκες : σύγχρονες κατευθύνσεις και απόψεις σε προβλήματα πρόληψης, περέμβασης, αντιμετώπισης : διεπιστημονικό ευρωπαϊκό συμπόσιο Ρόδος, Μαίος 1992
Αποθηκεύτηκε σε:
| Συλλογικό Έργο: | , , |
|---|---|
| Άλλοι συγγραφείς: | , , |
| Μορφή: | Πρακτικό Συνεδρίου Βιβλίο |
| Γλώσσα: | Greek |
| Δημοσίευση: |
Αθήνα :
Ελληνικά Γράμματα,
1994-1995.
|
| Έκδοση: | 2η έκδ. |
| Θέματα: | |
| Ετικέτες: |
Προσθήκη ετικέτας
Δεν υπάρχουν, Καταχωρήστε ετικέτα πρώτοι!
|
MARC
| LEADER | 00000cam a2200000 i 4500 | ||
|---|---|---|---|
| 001 | 1/10598 | ||
| 008 | 970606m1995 gr | ||| |||| ||gre|| | ||
| 020 | |a 9603440183 (τ.1) | ||
| 020 | |a 9603440191 (τ.2) | ||
| 020 | |a 9603440159 (set) | ||
| 035 | |a 1997 |c ΔΩΡΕΑ |l 10017915 | ||
| 040 | |a GR-MyUA |b gre |e AACR2 | ||
| 041 | 0 | |a gre | |
| 082 | 0 | |a 362.4 | |
| 111 | 2 | |a Διεπιστημονικό Ευρωπαικό Συμπόσιο "Ατομα με ειδικές ανάγκες" |d (1992 |c : Ρόδος) | |
| 245 | 1 | 0 | |a Ατομα με ειδικές ανάγκες : |b σύγχρονες κατευθύνσεις και απόψεις σε προβλήματα πρόληψης, περέμβασης, αντιμετώπισης : διεπιστημονικό ευρωπαϊκό συμπόσιο Ρόδος, Μαίος 1992 / |c επιμέλεια Μαρία Καίλα, Νικήτας Πολεμικός, Γιώργος Φιλίππου. |
| 250 | |a 2η έκδ. | ||
| 260 | |a Αθήνα : |b Ελληνικά Γράμματα, |c 1994-1995. | ||
| 300 | |a 2 τ. ; |c 26 εκ. | ||
| 650 | 0 | 0 | |a Children with disabilities. |
| 650 | 0 | 0 | |a Children with disabilities |x Education. |
| 650 | 0 | 0 | |a Children with mental disabilities |x Education. |
| 650 | 0 | 0 | |a Problem children |x Education. |
| 700 | 1 | |a Πολεμικός, Νικήτας Ε. |e edt | |
| 700 | 1 | |a Φιλίππου, Γιώργος, |e edt | |
| 700 | 1 | |a Καΐλα, Μαρία Α. |e edtf | |
| 710 | 2 | |a Ελληνική Ψυχολογική Εταιρεία. | |
| 710 | 2 | |a Πανεπιστήμιο Αιγαίου |b Παιδαγωγικά Τμήματα. | |
| 852 | |a INST |b CHIOS |e 19970708 |h 371.91 ΑΤΟ |p 005200010546 |q 005200010546 |t BK |y 0 |z τ.2 | ||
| 852 | |a INST |b CHIOS |e 19970708 |h 371.91 ΑΤΟ |p 005200010547 |q 005200010547 |t BK |y 0 |z τ.1 | ||
| 852 | |a INST |b CHIOS |e 19970708 |h 371.91 ΑΤΟ |p 005200010546 |q 005200010546 |t BK |v τ.2: |y 0 |z τ.2 | ||
| 852 | |a INST |b CHIOS |e 19970708 |h 371.91 ΑΤΟ |p 005200010547 |q 005200010547 |t BK |v τ.1: |y 0 |z τ.1 | ||
| 852 | |a INST |b LESVOS |e 19970606 |h 362.4 ΑΤΟ |p 005100011038 |q 005100011038 |t BK |y 0 |z τ.2 | ||
| 852 | |a INST |b LESVOS |e 19970606 |h 362.4 ΑΤΟ |p 005100011039 |q 005100011039 |t BK |y 0 |z τ.1 | ||
| 852 | |a INST |b LESVOS |e 19970606 |h 362.4 ΑΤΟ |p 005100011038 |q 005100011038 |t BK |v τ.2: |y 0 |z τ.2 | ||
| 852 | |a INST |b LESVOS |e 19970606 |h 362.4 ΑΤΟ |p 005100011039 |q 005100011039 |t BK |v τ.1: |y 0 |z τ.1 | ||
| 852 | |a INST |b RHODES |e 20000918 |h 371.91 ΔΙΕ |p 005400007299 |q 005400007299 |t BK |y 0 |z τ.2 | ||
| 852 | |a INST |b RHODES |e 20000918 |h 371.91 ΔΙΕ |p 005400007300 |q 005400007300 |t BK |y 0 |z τ.1 | ||
| 852 | |a INST |b RHODES |e 20030617 |h 371.91 ΔΙΕ |p 005400020452 |q 005400020452 |t BK |y 0 |z τ.2 | ||
| 852 | |a INST |b RHODES |e 20000918 |h 371.91 ΔΙΕ |p 005400007299 |q 005400007299 |t BK |v τ.2: |y 0 |z τ.2 | ||
| 852 | |a INST |b RHODES |e 20000918 |h 371.91 ΔΙΕ |p 005400007300 |q 005400007300 |t BK |v τ.1: |y 0 |z τ.1 | ||
| 852 | |a INST |b RHODES |e 20030617 |h 371.91 ΔΙΕ |p 005400020452 |q 005400020452 |t BK |v τ.2: |y 0 |z τ.2 | ||
| 852 | |a INST |b SAMOS |e 19970826 |h 371.91 ΔΙΕ |p 005300009044 |q 005300009044 |t BK |y 0 |z τ.1 | ||
| 852 | |a INST |b SAMOS |e 19970826 |h 371.91 ΔΙΕ |p 005300009045 |q 005300009045 |t BK |y 0 |z τ.2 | ||
| 852 | |a INST |b SAMOS |e 19970826 |h 371.91 ΔΙΕ |p 005300009044 |q 005300009044 |t BK |v τ.1: |y 0 |z τ.1 | ||
| 852 | |a INST |b SAMOS |e 19970826 |h 371.91 ΔΙΕ |p 005300009045 |q 005300009045 |t BK |v τ.2: |y 0 |z τ.2 | ||
| 853 | |a INST |b CHIOS |h 371.91 ΑΤΟ | ||
| 853 | |a INST |b LESVOS |h 362.4 ΑΤΟ | ||
| 853 | |a INST |b RHODES |h 371.91 ΔΙΕ | ||
| 853 | |a INST |b SAMOS |h 371.91 ΔΙΕ | ||
| 909 | |a Λ |b 050140 | ||
| 909 | |a Λ |b 050141 | ||
| 909 | |a Χ |b 048219 | ||
| 909 | |a Χ |b 048218 | ||
| 909 | |a Ρ |b 028422 | ||
| 909 | |a Ρ |b 028423 | ||
| 909 | |a Σ |b 036268 | ||
| 909 | |a Σ |b 036269 | ||
| 909 | |a Ρ |b 101870 | ||
| 922 | |a 4ΔΩΡ |b 199504 | ||
| 970 | |z 2000/08/ΔΕΜΕΝΑΓΑΣ ΠΕΤΡΟΣ | ||